000 00685nam a2200229 a 4500
001 000044190
003 000044190
005 20140709095550.0
008 140605s2009 dr 000 0 spa d
020 _a9789945468007
040 _aBPMET
_bspa
_cBPMET
092 _axxxxxxx
_bxxxxxxx
100 1 _aCasamassima, Enzo
245 1 3 _aEl amor es equilibrio /
_cEnzo Casamassima.
260 _aSanto Domingo :
_bAlfa & Omega,
_c2009.
300 _a103 p. ;
_c18 p.
930 1 _lBND01
_mLF1
_820140605
_f01
_pHD
_g45063
942 _2ddc
_cBK
956 _aDGARCIA
_b10
_c20140605
_lBND01
_h1307
956 _aDGARCIA
_b10
_c20140605
_lBND01
_h1307
956 _aBTAVAREZ
_b10
_c20140605
_lBND01
_h1502
999 _c7115
_d7115